1474 1450 1624 1860 1532 1415 1838 1909 1323 1826 1744 1296 1792 1571 1924 1391 1691 1558 1648 1103 1128 1715 1481 1853 1797 1138 1035 1987 1653 1868 1629 1975 1100 1634 1950 1929 1257 1044 1267 1542 1575 1603 1115 1438 1146 1344 1565 1094 1851 1413 1466 1878 1986 1461 1819 1315 1684 1003 1507 1567 1748 1429 1230 1978 1251 1881 1733 1441 1680 1971 1905 1892 1204 1387 1337 1365 1866 1396 1317 1176 1765 1286 1815 1216 1630 1994 1473 1123 1780 1390 1465 1200 1549 1427 1971 1436 1660 1232 1450 BCNSPRNW ULIB Ver.6.0+V

เปลี่ยนเป็นภาษาไทย

Change to English
 แสดงรายละเอียดบรรณานุกรม
  กลับหน้าหลัก

Brief Record : Get Marc (ISO 2709) : E-mail record : QR code < ปิดหน้าต่าง
LEADER : 00000nam 2200000uu 4500
001    13399120930
003     ULIB
008    121026s2551||||th 000 0 tha d
020    ^a9749943481
050  4 ^aH62^bส747อ
110 1  ^aมหาวิทยาลัยสุโขทัยธรรมาธิราช^bสถาบันวิจัยและพัฒนา
245 00 ^aเอกสารการเรียนรู้การทำวิจัยด้วยตนเอง/^cกัญจนา ลินทรัตนศิริกุลและคณะ
250    ^aพิมพ์ครั้งที่ 2
260    ^aนนทบุรี:^bมหาวิทยาลัยสุโขทัยธรรมาธิราช,^c2551
300    ^a595 หน้า
650  7 ^aวิจัย
650  7 ^aสังคมศาสตร์^xวิจัย
700 1  ^aภัทรฤดี สุพัฒโสภณ
945    ^p0^l0^i17648
945    ^p0^l0^i17647
995    ^aทศพร
999    ^aทศพร เกษรทอง
รายการนี้ยังไม่มีแท็ก
คุณยังไม่ได้ล็อกอิน คุณสามารถมีกิจกรรมร่วมกับเว็บไซต์ได้ แต่ต้องล็อกอินก่อน ::
  ล็อกอิน

รายการสื่อสารสนเทศ

ลำดับที่ ประเภท เลขเรียก/บาร์โค้ด สถานที่ สถานะ
1. วิทยาศาสตร์การแพทย์ และสุขภาพ
วิทยาศาสตร์การแพทย์ และสุขภาพ
H62 ส747อ ฉ.1 
  Barcode: 17647
ห้องสมุดวิทยาเขตสวรรค์ประชารักษ์
►หนังสือทั่วไป
บนชั้น
2. วิทยาศาสตร์การแพทย์ และสุขภาพ
วิทยาศาสตร์การแพทย์ และสุขภาพ
H62 ส747อ ฉ.2 
  Barcode: 17648
ห้องสมุดวิทยาเขตสวรรค์ประชารักษ์
►หนังสือทั่วไป
บนชั้น

รายการใกล้เคียง
    หัวเรื่อง [วิจัย]

BibComment


ยังไม่เคยถูกคอมเมนท์

คอมเมนท์ทรัพยากรรายการนี้
  คอมเมนท์: เอกสารการเรียนรู..


 Copyright 2026. Bcnsprnw @Library